United Kingdom Geography by Letter K- Picture Quiz - Statistics

General Stats
  • This quiz has been taken 290 times
    203 since last reset
  • The average score is 8 of 15
Answer Stats
Picture Hint Answer % Correct
County Kent
97%
Royal Residence {Kensington} Palace
95%
London fashion Street {King's} Road
93%
Northern Port City {Kingston} upon Hull
90%
World Renown Gardens Kew
78%
Town famous for mint cake Kendal
69%
London home of Harrods Knightsbridge
63%
Staffordshire University Keele
41%
Remote Island Group St. {Kilda}
37%
Rock Festival Venue {Knebworth} House
31%
Forest, Water or Village Kielder
27%
Liverpool Safari Park Knowsley
23%
Oxford Utd FC {Kassam} Stadium
16%
Scotlands Motor Racing Circuit Knockhill
10%
Overseas Territory Capital {King Edward} Point
4%
No matching quizzes found
Score Distribution
Percent of People with Each Score
Percentile by Number Answered
Your Score History
You have not taken this quiz since the last reset